000 00351cam a22001337a 4500
008 180718b1952 xxu||||| |||| 00| 0 eng d
082 _aA6x68 M347
100 _aMarquard, Leo
245 _aPeoples and policies of South Africa
_cby Leo Marquard
260 _aLondon
_bOUP
_c1952
300 _a258p.
500 _a16/-
650 _aUnion of South Africa
999 _c373051
_d373051